[Event "Deutsche Ländermeisterschaft 2021"]
[Site "Neumünster GER"]
[Date "2021.10.04"]
[Round "5"]
[White "Ensslinger, Colin"]
[Black "Popist, Florian"]
[Result "0-1"]
[Termination "normal"]
[Board "6.3"]
[WhiteElo "1708"]
[BlackElo "2124"]
[WhiteClock "01:11:52"]
[BlackClock "00:58:45"]
[WhiteTeam "Württemberg"]
[BlackTeam "Hamburg"]
[PlyCount "76"]
[WhiteFideId "16226011"]
[BlackFideId "16203518"]
[EventCountry "GER"]
[EventRounds "7"]
[EventType "team-swiss"]
[EventDate "2021.10.01"]

1. e4 {[%clk 1:30:58]} c5 {[%clk 1:30:54]} 2. Nf3 {[%clk 1:31:24]} Nc6 {[%clk
1:31:18]} 3. d4 {[%clk 1:31:48]} cxd4 {[%clk 1:31:42]} 4. Nxd4 {[%clk 1:32:14]}
g6 {[%clk 1:31:54]} 5. c4 {[%clk 1:32:40]} Nf6 {[%clk 1:32:11]} 6. Nc3 {[%clk
1:33:03]} d6 {[%clk 1:32:36]} 7. Nc2 {[%clk 1:33:12]} Bg7 {[%clk 1:32:44]} 8.
Be2 {[%clk 1:33:38]} O-O {[%clk 1:33:04]} 9. Be3 {[%clk 1:33:10]} Nd7 {[%clk
1:32:42]} 10. Qd2 {[%clk 1:32:18]} Nc5 {[%clk 1:23:54]} 11. Bf3 {[%clk
1:22:40]} Ne5 {[%clk 1:22:08]} 12. Be2 {[%clk 1:21:35]} Be6 {[%clk 1:21:02]}
13. b3 {[%clk 1:19:14]} Nc6 {[%clk 1:17:53]} 14. O-O {[%clk 1:18:51]} Qa5
{[%clk 1:13:53]} 15. Nd4 {[%clk 1:18:35]} Nxd4 {[%clk 1:14:02]} 16. Bxd4 {[%clk
1:19:02]} Nxe4 {[%clk 1:14:14]} 17. Nxe4 {[%clk 1:18:19]} Qxd2 {[%clk 1:14:36]}
18. Nxd2 {[%clk 1:18:46]} Bxd4 {[%clk 1:14:58]} 19. Rad1 {[%clk 1:18:54]} Bg7
{[%clk 1:13:06]} 20. Bf3 {[%clk 1:18:25]} Rab8 {[%clk 1:11:12]} 21. Rfe1 {[%clk
1:18:01]} Bc3 {[%clk 1:08:22]} 22. Re3 {[%clk 1:15:23]} Bxd2 {[%clk 1:08:29]}
23. Rxd2 {[%clk 1:15:51]} Rfc8 {[%clk 1:08:33]} 24. h3 {[%clk 1:15:41]} b5
{[%clk 1:08:05]} 25. Bd5 {[%clk 1:15:36]} bxc4 {[%clk 1:01:16]} 26. Bxe6 {[%clk
1:15:09]} fxe6 {[%clk 1:01:35]} 27. bxc4 {[%clk 1:14:10]} Rb1+ {[%clk 1:00:31]}
28. Kh2 {[%clk 1:14:34]} Kf7 {[%clk 0:59:57]} 29. Ra3 {[%clk 1:13:28]} Rb7
{[%clk 0:59:59]} 30. Ra4 {[%clk 1:13:33]} Rc5 {[%clk 0:59:50]} 31. f4 {[%clk
1:12:47]} Rbc7 {[%clk 0:59:45]} 32. Rd4 {[%clk 1:13:08]} e5 {[%clk 0:58:43]}
33. fxe5 {[%clk 1:13:20]} Rxe5 {[%clk 0:59:09]} 34. Rd5 {[%clk 1:12:24]} Rxc4
{[%clk 0:58:11]} 35. Rxc4 {[%clk 1:12:34]} Rxd5 {[%clk 0:58:34]} 36. Ra4 {[%clk
1:13:01]} a5 {[%clk 0:58:56]} 37. Kg3 {[%clk 1:12:45]} e5 {[%clk 0:59:03]} 38.
Kf3 {[%clk 1:11:52]} Rb5 {[%clk 0:58:45]} 0-1

[Event "Deutsche Ländermeisterschaft 2021"]
[Site "Neumünster GER"]
[Date "2021.10.04"]
[Round "5"]
[White "Chugunov, Ivan"]
[Black "Fuhrmann, Bahne"]
[Result "1/2-1/2"]
[Termination "normal"]
[Board "6.5"]
[WhiteElo "1515"]
[BlackElo "1820"]
[WhiteClock "00:24:21"]
[BlackClock "00:21:08"]
[WhiteTeam "Württemberg"]
[BlackTeam "Hamburg"]
[PlyCount "178"]
[WhiteFideId "16256808"]
[BlackFideId "16244842"]
[EventCountry "GER"]
[EventRounds "7"]
[EventType "team-swiss"]
[EventDate "2021.10.01"]

1. e4 {[%clk 1:30:52]} d6 {[%clk 1:30:58]} 2. d4 {[%clk 1:30:56]} Nf6 {[%clk
1:31:25]} 3. Nc3 {[%clk 1:31:01]} e5 {[%clk 1:31:51]} 4. Nf3 {[%clk 1:30:27]}
Nbd7 {[%clk 1:31:58]} 5. Bd3 {[%clk 1:28:32]} g6 {[%clk 1:31:17]} 6. h3 {[%clk
1:28:15]} Bg7 {[%clk 1:31:24]} 7. Be3 {[%clk 1:28:09]} O-O {[%clk 1:31:11]} 8.
O-O {[%clk 1:26:40]} b6 {[%clk 1:30:11]} 9. a4 {[%clk 1:26:08]} a6 {[%clk
1:29:58]} 10. Re1 {[%clk 1:25:40]} Bb7 {[%clk 1:29:33]} 11. dxe5 {[%clk
1:25:00]} dxe5 {[%clk 1:28:29]} 12. Qd2 {[%clk 1:21:59]} Ne8 {[%clk 1:26:52]}
13. Bc4 {[%clk 1:21:54]} Nd6 {[%clk 1:25:44]} 14. Bd5 {[%clk 1:22:09]} Bxd5
{[%clk 1:24:21]} 15. Qxd5 {[%clk 1:21:52]} Kh8 {[%clk 1:19:40]} 16. Bg5 {[%clk
1:17:22]} Qe8 {[%clk 1:16:40]} 17. Nd2 {[%clk 1:16:06]} h6 {[%clk 1:14:33]} 18.
Be3 {[%clk 1:15:59]} f5 {[%clk 1:13:04]} 19. f3 {[%clk 1:15:26]} Rd8 {[%clk
1:11:29]} 20. Qc6 {[%clk 1:13:36]} Rc8 {[%clk 1:05:28]} 21. Nd5 {[%clk
1:09:34]} Qd8 {[%clk 1:04:44]} 22. b4 {[%clk 1:07:00]} Nb8 {[%clk 1:02:04]} 23.
Qc3 {[%clk 1:06:38]} fxe4 {[%clk 1:01:34]} 24. Nxe4 {[%clk 1:05:54]} Nf5 {[%clk
0:58:54]} 25. Rad1 {[%clk 1:05:45]} Nd4 {[%clk 0:57:48]} 26. Qc4 {[%clk
1:04:14]} b5 {[%clk 0:53:33]} 27. axb5 {[%clk 1:01:55]} axb5 {[%clk 0:53:59]}
28. Qa2 {[%clk 1:00:24]} Qh4 {[%clk 0:48:55]} 29. Bf2 {[%clk 0:55:00]} Qh5
{[%clk 0:48:26]} 30. c3 {[%clk 0:53:44]} Ndc6 {[%clk 0:38:26]} 31. Qe2 {[%clk
0:50:34]} g5 {[%clk 0:33:10]} 32. Qxb5 {[%clk 0:49:57]} Qf7 {[%clk 0:32:10]}
33. h4 {[%clk 0:44:24]} Nd8 {[%clk 0:30:27]} 34. Qa4 {[%clk 0:40:40]} Ne6
{[%clk 0:29:57]} 35. hxg5 {[%clk 0:34:52]} Nxg5 {[%clk 0:30:05]} 36. Qc2 {[%clk
0:33:48]} Nc6 {[%clk 0:27:14]} 37. Bc5 {[%clk 0:27:38]} Rfd8 {[%clk 0:17:49]}
38. Nxg5 {[%clk 0:26:39]} hxg5 {[%clk 0:18:09]} 39. Qe4 {[%clk 0:26:27]} Rd7
{[%clk 0:17:13]} 40. Kf2 {[%clk 0:25:22]} Qe6 {[%clk 0:14:05]} 41. b5 {[%clk
0:21:27]} Rcd8 {[%clk 0:12:51]} 42. c4 {[%clk 0:20:52]} Na5 {[%clk 0:11:50]}
43. Rh1+ {[%clk 0:12:56]} Kg8 {[%clk 0:11:56]} 44. Qh7+ {[%clk 0:12:44]} Kf7
{[%clk 0:12:22]} 45. Qh5+ {[%clk 0:12:52]} Qg6 {[%clk 0:11:39]} 46. Qxg6+
{[%clk 0:12:22]} Kxg6 {[%clk 0:12:06]} 47. Ne3 {[%clk 0:11:21]} Rxd1 {[%clk
0:09:10]} 48. Rxd1 {[%clk 0:11:29]} Rxd1 {[%clk 0:09:32]} 49. Nxd1 {[%clk
0:11:52]} Nxc4 {[%clk 0:09:22]} 50. Ne3 {[%clk 0:12:12]} Nb2 {[%clk 0:06:40]}
51. Ke2 {[%clk 0:11:42]} Na4 {[%clk 0:06:52]} 52. Bb4 {[%clk 0:11:53]} Bf6
{[%clk 0:04:16]} 53. Nd5 {[%clk 0:11:33]} Bd8 {[%clk 0:04:41]} 54. Kd3 {[%clk
0:11:33]} Kf5 {[%clk 0:04:31]} 55. g4+ {[%clk 0:11:23]} Ke6 {[%clk 0:04:50]}
56. Ke4 {[%clk 0:11:21]} Nb2 {[%clk 0:04:03]} 57. Ne3 {[%clk 0:11:00]} Bf6
{[%clk 0:02:12]} 58. Nc2 {[%clk 0:07:17]} Na4 {[%clk 0:29:37]} 59. Na1 {[%clk
0:36:23]} Nb2 {[%clk 0:27:19]} 60. Nb3 {[%clk 0:36:00]} Na4 {[%clk 0:25:39]}
61. Nc5+ {[%clk 0:32:35]} Nxc5+ {[%clk 0:25:12]} 62. Bxc5 {[%clk 0:32:57]} Bd8
{[%clk 0:20:05]} 63. Bb4 {[%clk 0:33:14]} Bf6 {[%clk 0:20:25]} 64. Bc3 {[%clk
0:33:38]} Kd6 {[%clk 0:18:29]} 65. Kf5 {[%clk 0:33:47]} Bd8 {[%clk 0:18:15]}
66. Bxe5+ {[%clk 0:33:27]} Kc5 {[%clk 0:18:37]} 67. Bf6 {[%clk 0:30:53]} Bxf6
{[%clk 0:18:57]} 68. Kxf6 {[%clk 0:31:18]} Kxb5 {[%clk 0:19:21]} 69. Kxg5
{[%clk 0:31:24]} c5 {[%clk 0:19:37]} 70. Kf4 {[%clk 0:31:38]} Kb4 {[%clk
0:19:22]} 71. Ke3 {[%clk 0:31:42]} Ka3 {[%clk 0:18:26]} 72. Kd3 {[%clk
0:28:43]} Kb3 {[%clk 0:18:42]} 73. g5 {[%clk 0:29:05]} c4+ {[%clk 0:19:05]} 74.
Kd4 {[%clk 0:29:26]} c3 {[%clk 0:19:16]} 75. g6 {[%clk 0:29:53]} c2 {[%clk
0:19:42]} 76. g7 {[%clk 0:30:18]} c1=Q {[%clk 0:20:04]} 77. g8=Q+ {[%clk
0:30:38]} Kb4 {[%clk 0:19:29]} 78. Qb8+ {[%clk 0:29:32]} Ka5 {[%clk 0:19:17]}
79. Qa7+ {[%clk 0:29:46]} Kb5 {[%clk 0:19:30]} 80. Qb7+ {[%clk 0:28:25]} Ka5
{[%clk 0:19:52]} 81. Qd5+ {[%clk 0:28:30]} Kb6 {[%clk 0:20:10]} 82. Qb3+ {[%clk
0:28:19]} Ka7 {[%clk 0:20:20]} 83. Qa4+ {[%clk 0:27:06]} Kb8 {[%clk 0:19:59]}
84. Qb4+ {[%clk 0:27:02]} Ka8 {[%clk 0:20:18]} 85. Qf8+ {[%clk 0:26:56]} Kb7
{[%clk 0:20:34]} 86. Qe7+ {[%clk 0:26:42]} Ka8 {[%clk 0:20:51]} 87. Qd8+ {[%clk
0:26:00]} Ka7 {[%clk 0:20:39]} 88. Qa5+ {[%clk 0:24:37]} Kb7 {[%clk 0:20:44]}
89. Qb5+ {[%clk 0:24:21]} Ka8 {[%clk 0:21:08]} 1/2-1/2

[Event "Deutsche Ländermeisterschaft 2021"]
[Site "Neumünster GER"]
[Date "2021.10.04"]
[Round "5"]
[White "Wartenberg, Alissa"]
[Black "Wörz, Ann-Sophie"]
[Result "1/2-1/2"]
[Termination "normal"]
[Board "6.6"]
[WhiteElo "1662"]
[BlackElo "1560"]
[WhiteClock "00:05:06"]
[BlackClock "00:02:50"]
[WhiteTeam "Hamburg"]
[BlackTeam "Württemberg"]
[PlyCount "151"]
[WhiteFideId "16280741"]
[BlackFideId "16265890"]
[EventCountry "GER"]
[EventRounds "7"]
[EventType "team-swiss"]
[EventDate "2021.10.01"]

1. e4 {[%clk 1:30:57]} d6 {[%clk 1:30:58]} 2. d4 {[%clk 1:31:24]} Nf6 {[%clk
1:31:24]} 3. Nc3 {[%clk 1:31:45]} g6 {[%clk 1:31:50]} 4. Be3 {[%clk 1:31:49]}
Bg7 {[%clk 1:32:15]} 5. f3 {[%clk 1:31:05]} Nbd7 {[%clk 1:32:36]} 6. Qd2 {[%clk
1:28:27]} c5 {[%clk 1:31:48]} 7. d5 {[%clk 1:23:32]} a6 {[%clk 1:31:24]} 8. h4
{[%clk 1:10:20]} b5 {[%clk 1:27:24]} 9. g4 {[%clk 1:04:01]} h6 {[%clk 1:23:38]}
10. Bg2 {[%clk 0:58:48]} Ne5 {[%clk 1:18:45]} 11. Nge2 {[%clk 0:51:06]} Nc4
{[%clk 1:17:30]} 12. Qc1 {[%clk 0:49:29]} Nxe3 {[%clk 1:17:35]} 13. Qxe3 {[%clk
0:49:52]} Nd7 {[%clk 1:06:28]} 14. Rb1 {[%clk 0:37:55]} Ne5 {[%clk 1:03:57]}
15. Nf4 {[%clk 0:31:23]} Qa5 {[%clk 0:55:56]} 16. Ke2 {[%clk 0:22:58]} b4
{[%clk 0:50:14]} 17. Nd1 {[%clk 0:22:40]} Qxa2 {[%clk 0:48:54]} 18. Nf2 {[%clk
0:23:05]} Qc4+ {[%clk 0:48:28]} 19. Kd2 {[%clk 0:23:10]} Qb5 {[%clk 0:47:24]}
20. Qe2 {[%clk 0:19:41]} Qxe2+ {[%clk 0:44:38]} 21. Kxe2 {[%clk 0:19:22]} a5
{[%clk 0:43:19]} 22. N2d3 {[%clk 0:18:33]} Ba6 {[%clk 0:38:35]} 23. Kd2 {[%clk
0:14:21]} Kd7 {[%clk 0:35:46]} 24. Nxe5+ {[%clk 0:14:10]} Bxe5 {[%clk 0:36:11]}
25. Nd3 {[%clk 0:14:23]} Bg7 {[%clk 0:35:02]} 26. Bf1 {[%clk 0:13:23]} c4
{[%clk 0:24:48]} 27. Nf4 {[%clk 0:12:42]} c3+ {[%clk 0:24:34]} 28. bxc3 {[%clk
0:12:50]} Bxc3+ {[%clk 0:22:41]} 29. Kc1 {[%clk 0:11:46]} Bxf1 {[%clk 0:21:42]}
30. Rxf1 {[%clk 0:12:09]} g5 {[%clk 0:21:06]} 31. hxg5 {[%clk 0:11:50]} hxg5
{[%clk 0:21:25]} 32. Ne2 {[%clk 0:12:10]} Be5 {[%clk 0:21:06]} 33. Kd2 {[%clk
0:11:51]} Rhc8 {[%clk 0:16:57]} 34. Rfc1 Bc3+ {[%clk 0:15:14]} 35. Nxc3 {[%clk
0:10:28]} Rxc3 {[%clk 0:15:39]} 36. Rb3 {[%clk 0:10:42]} Rac8 {[%clk 0:15:17]}
37. Rxc3 {[%clk 0:07:41]} Rxc3 {[%clk 0:15:31]} 38. Ra1 {[%clk 0:07:41]} Rc5
{[%clk 0:13:40]} 39. Rb1 {[%clk 0:05:05]} Kc7 {[%clk 0:13:38]} 40. Ra1 {[%clk
0:02:44]} Kb6 {[%clk 0:13:55]} 41. Rh1 {[%clk 0:28:19]} f6 {[%clk 0:42:59]} 42.
Rh7 {[%clk 0:26:30]} Rc7 {[%clk 0:43:24]} 43. Kc1 {[%clk 0:26:16]} b3 {[%clk
0:41:54]} 44. c4 {[%clk 0:23:34]} Kc5 {[%clk 0:41:54]} 45. Kb2 {[%clk 0:23:34]}
Kxc4 {[%clk 0:42:14]} 46. Rh8 {[%clk 0:21:59]} a4 {[%clk 0:41:32]} 47. Ra8
{[%clk 0:21:59]} Kb5 {[%clk 0:41:56]} 48. Ka3 {[%clk 0:21:59]} Rc4 {[%clk
0:32:27]} 49. Re8 {[%clk 0:17:27]} Kb6 {[%clk 0:32:27]} 50. Ra8 {[%clk
0:14:26]} Kb7 {[%clk 0:18:47]} 51. Ra5 {[%clk 0:14:14]} Rd4 {[%clk 0:18:41]}
52. Rb5+ {[%clk 0:13:04]} Ka6 53. Rb8 {[%clk 0:13:25]} Rd2 {[%clk 0:12:40]} 54.
Kxa4 {[%clk 0:09:29]} b2 {[%clk 0:12:38]} 55. Ka3 {[%clk 0:09:47]} Rf2 {[%clk
0:11:25]} 56. Ka2 {[%clk 0:06:25]} Rxf3 {[%clk 0:10:15]} 57. Re8 {[%clk
0:06:03]} Rb3 {[%clk 0:05:55]} 58. Kb1 {[%clk 0:05:40]} Rb7 {[%clk 0:05:32]}
59. Ra8+ {[%clk 0:05:35]} Ra7 {[%clk 0:05:26]} 60. Rxa7+ {[%clk 0:05:35]} Kxa7
{[%clk 0:05:53]} 61. Kxb2 {[%clk 0:05:55]} Kb6 {[%clk 0:05:53]} 62. Kc3 {[%clk
0:05:20]} Kc7 {[%clk 0:05:49]} 63. Kc4 {[%clk 0:05:06]} Kd7 {[%clk 0:05:43]}
64. Kd4 {[%clk 0:04:59]} e6 {[%clk 0:05:02]} 65. Kd3 {[%clk 0:02:37]} exd5
{[%clk 0:04:30]} 66. exd5 {[%clk 0:02:59]} Ke7 {[%clk 0:03:00]} 67. Ke4 {[%clk
0:03:23]} Kf8 {[%clk 0:03:18]} 68. Ke3 {[%clk 0:03:01]} Kf7 {[%clk 0:02:58]}
69. Kd3 f5 {[%clk 0:02:25]} 70. gxf5 {[%clk 0:03:17]} Kf6 {[%clk 0:02:49]} 71.
Ke4 {[%clk 0:03:22]} g4 {[%clk 0:03:12]} 72. Kf4 {[%clk 0:03:43]} g3 {[%clk
0:03:39]} 73. Kxg3 {[%clk 0:04:09]} Kxf5 {[%clk 0:04:05]} 74. Kf3 {[%clk
0:04:27]} Ke5 {[%clk 0:04:32]} 75. Ke3 {[%clk 0:04:51]} Kf5 {[%clk 0:02:50]}
76. Kf3 {[%clk 0:05:06]} 1/2-1/2

[Event "Deutsche Ländermeisterschaft 2021"]
[Site "Neumünster GER"]
[Date "2021.10.04"]
[Round "5"]
[White "Dohon, Maria-Johanna"]
[Black "Dorendorf, Mika"]
[Result "1-0"]
[Termination "normal"]
[Board "6.7"]
[WhiteElo "1521"]
[BlackElo "1528"]
[WhiteClock "00:07:45"]
[BlackClock "01:05:15"]
[WhiteTeam "Württemberg"]
[BlackTeam "Hamburg"]
[PlyCount "65"]
[WhiteFideId "34600957"]
[BlackFideId "16283066"]
[EventCountry "GER"]
[EventRounds "7"]
[EventType "team-swiss"]
[EventDate "2021.10.01"]

1. d4 {[%clk 1:30:59]} d5 {[%clk 1:30:53]} 2. c4 {[%clk 1:31:24]} e6 {[%clk
1:31:21]} 3. Nc3 {[%clk 1:31:46]} Nf6 {[%clk 1:31:43]} 4. cxd5 {[%clk 1:31:59]}
exd5 {[%clk 1:32:01]} 5. Bg5 {[%clk 1:32:17]} Be7 {[%clk 1:32:22]} 6. e3 {[%clk
1:32:40]} c6 {[%clk 1:32:43]} 7. Bd3 {[%clk 1:32:40]} O-O {[%clk 1:33:00]} 8.
Nge2 {[%clk 1:31:44]} Re8 {[%clk 1:32:19]} 9. Qc2 {[%clk 1:30:12]} g6 {[%clk
1:31:24]} 10. O-O {[%clk 1:22:38]} Ne4 {[%clk 1:30:19]} 11. Bxe7 {[%clk
1:19:16]} Qxe7 {[%clk 1:30:33]} 12. Rae1 {[%clk 1:16:44]} Nd7 {[%clk 1:29:40]}
13. Nd1 {[%clk 1:06:35]} f5 {[%clk 1:28:44]} 14. f3 {[%clk 1:01:54]} Ndf6
{[%clk 1:26:01]} 15. fxe4 {[%clk 0:50:46]} fxe4 {[%clk 1:26:16]} 16. Ba6 {[%clk
0:43:50]} Qd6 {[%clk 1:25:16]} 17. Bxb7 {[%clk 0:39:34]} Bxb7 {[%clk 1:23:35]}
18. h3 {[%clk 0:33:45]} Nh5 {[%clk 1:20:59]} 19. Nf2 {[%clk 0:27:20]} Ng3
{[%clk 1:20:25]} 20. Nxg3 {[%clk 0:27:00]} Qxg3 {[%clk 1:20:33]} 21. Ng4 {[%clk
0:23:15]} Re6 {[%clk 1:17:21]} 22. Ne5 {[%clk 0:16:05]} Ba6 {[%clk 1:17:30]}
23. Qf2 {[%clk 0:14:25]} Qxf2+ {[%clk 1:14:36]} 24. Rxf2 {[%clk 0:14:53]} c5
{[%clk 1:13:58]} 25. Rc1 {[%clk 0:12:38]} Rc8 {[%clk 1:12:03]} 26. Rfc2 {[%clk
0:11:24]} Rb8 {[%clk 1:07:43]} 27. Rxc5 {[%clk 0:07:43]} Rxb2 {[%clk 1:07:51]}
28. Rxd5 {[%clk 0:07:18]} Rf6 {[%clk 1:05:06]} 29. Rd8+ {[%clk 0:07:17]} Kg7
{[%clk 1:05:15]} 30. Rc7+ {[%clk 0:07:26]} Kh6 {[%clk 1:05:24]} 31. Ng4+ {[%clk
0:07:48]} Kg5 {[%clk 1:05:45]} 32. Nxf6 {[%clk 0:07:32]} Kxf6 {[%clk 1:05:15]}
33. Rd6+ {[%clk 0:07:45]} 1-0

[Event "Deutsche Ländermeisterschaft 2021"]
[Site "Neumünster GER"]
[Date "2021.10.04"]
[Round "5"]
[White "Stas, Antonia"]
[Black "Stasaitis, Paulina"]
[Result "0-1"]
[Termination "normal"]
[Board "6.8"]
[WhiteElo "1294"]
[BlackElo "1280"]
[WhiteClock "00:19:32"]
[BlackClock "00:27:00"]
[WhiteTeam "Hamburg"]
[BlackTeam "Württemberg"]
[PlyCount "66"]
[WhiteFideId "16217403"]
[BlackFideId "34606165"]
[EventCountry "GER"]
[EventRounds "7"]
[EventType "team-swiss"]
[EventDate "2021.10.01"]

1. e4 {[%clk 1:30:56]} c6 {[%clk 1:30:53]} 2. d4 {[%clk 1:31:15]} d5 {[%clk
1:31:14]} 3. e5 {[%clk 1:31:33]} Bf5 {[%clk 1:31:31]} 4. Nf3 {[%clk 1:31:18]}
e6 {[%clk 1:31:21]} 5. Be3 {[%clk 1:31:08]} Nd7 {[%clk 1:29:50]} 6. Be2 {[%clk
1:30:29]} f6 {[%clk 1:26:17]} 7. O-O {[%clk 1:27:06]} fxe5 {[%clk 1:23:58]} 8.
dxe5 {[%clk 1:26:47]} Qc7 {[%clk 1:23:52]} 9. Bf4 {[%clk 1:25:07]} O-O-O {[%clk
1:23:12]} 10. Ng5 {[%clk 1:22:35]} Nh6 {[%clk 1:19:01]} 11. Bd3 {[%clk
1:11:59]} Re8 {[%clk 1:16:36]} 12. Re1 {[%clk 1:10:07]} Bc5 {[%clk 1:14:13]}
13. h3 {[%clk 1:07:48]} Qb6 {[%clk 1:07:32]} 14. Qd2 {[%clk 1:01:39]} Qxb2
{[%clk 0:57:31]} 15. Qc3 {[%clk 0:59:28]} Qxc3 {[%clk 0:57:38]} 16. Nxc3 {[%clk
0:59:52]} Bd4 {[%clk 0:54:59]} 17. Bd2 {[%clk 0:57:33]} Bxd3 {[%clk 0:50:56]}
18. cxd3 {[%clk 0:57:19]} Nxe5 {[%clk 0:47:24]} 19. Kf1 {[%clk 0:48:19]} Rhf8
{[%clk 0:44:11]} 20. f3 {[%clk 0:41:57]} Nf5 {[%clk 0:38:03]} 21. g4 {[%clk
0:38:26]} Nh4 {[%clk 0:35:55]} 22. f4 {[%clk 0:30:15]} Nef3 {[%clk 0:31:39]}
23. Nxf3 {[%clk 0:26:58]} Nxf3 {[%clk 0:31:48]} 24. Ke2 {[%clk 0:22:57]} Nxe1
{[%clk 0:31:01]} 25. Rxe1 {[%clk 0:23:14]} e5 {[%clk 0:30:03]} 26. fxe5 {[%clk
0:21:34]} Rxe5+ {[%clk 0:30:13]} 27. Kd1 {[%clk 0:21:55]} Bxc3 {[%clk 0:28:23]}
28. Bxc3 {[%clk 0:22:14]} Rxe1+ {[%clk 0:28:42]} 29. Kxe1 {[%clk 0:22:36]} g5
{[%clk 0:28:52]} 30. Bd4 {[%clk 0:20:11]} Rf3 {[%clk 0:27:05]} 31. Bxa7 {[%clk
0:20:05]} Rxd3 {[%clk 0:26:52]} 32. Ke2 {[%clk 0:19:54]} Ra3 {[%clk 0:27:00]}
33. Kf2 {[%clk 0:19:32]} Rxa2+ 0-1

[Event "Deutsche Ländermeisterschaft 2021"]
[Site "Neumünster GER"]
[Date "2021.10.04"]
[Round "5"]
[White "Fromm, Marius"]
[Black "Weishäutel, Moritz"]
[Result "0-1"]
[Termination "normal"]
[Board "7.1"]
[WhiteTitle "FM"]
[WhiteElo "2342"]
[BlackElo "2248"]
[WhiteClock "00:28:26"]
[BlackClock "00:35:59"]
[WhiteTeam "Mecklenburg-Vorpommern"]
[BlackTeam "Thüringen"]
[PlyCount "86"]
[WhiteFideId "12993190"]
[BlackFideId "12967300"]
[EventCountry "GER"]
[EventRounds "7"]
[EventType "team-swiss"]
[EventDate "2021.10.01"]

1. e4 {[%clk 1:30:56]} c5 {[%clk 1:30:56]} 2. Nf3 {[%clk 1:31:24]} d6 {[%clk
1:31:21]} 3. Bb5+ {[%clk 1:31:47]} Bd7 {[%clk 1:31:46]} 4. Bxd7+ {[%clk
1:32:13]} Qxd7 {[%clk 1:32:11]} 5. c4 {[%clk 1:32:39]} Nf6 {[%clk 1:32:33]} 6.
Nc3 {[%clk 1:33:05]} Nc6 {[%clk 1:32:56]} 7. d4 {[%clk 1:33:31]} cxd4 {[%clk
1:33:21]} 8. Nxd4 {[%clk 1:33:57]} g6 {[%clk 1:33:44]} 9. f3 {[%clk 1:34:24]}
Bg7 {[%clk 1:34:09]} 10. Be3 {[%clk 1:34:51]} O-O {[%clk 1:34:34]} 11. O-O
{[%clk 1:35:16]} a6 {[%clk 1:34:56]} 12. a4 {[%clk 1:35:41]} e6 {[%clk
1:35:06]} 13. Qd2 {[%clk 1:33:42]} Na5 {[%clk 1:30:42]} 14. Qe2 {[%clk
1:22:42]} Rac8 {[%clk 1:30:20]} 15. b3 {[%clk 1:19:56]} e5 {[%clk 1:30:36]} 16.
Nc2 {[%clk 1:20:23]} Nxb3 {[%clk 1:31:00]} 17. Rab1 {[%clk 1:20:40]} Nc5 {[%clk
1:28:39]} 18. Rb4 {[%clk 1:19:01]} Qe6 {[%clk 1:22:12]} 19. Rd1 {[%clk
1:14:53]} Nfd7 {[%clk 1:21:37]} 20. a5 {[%clk 1:11:52]} f5 {[%clk 1:18:12]} 21.
exf5 {[%clk 1:07:27]} gxf5 {[%clk 1:18:35]} 22. Nd5 {[%clk 1:04:50]} Rf7 {[%clk
1:09:33]} 23. Qd2 {[%clk 1:01:35]} Bf6 {[%clk 1:05:06]} 24. Bf2 {[%clk
0:48:12]} Bd8 {[%clk 0:59:43]} 25. Rbb1 {[%clk 0:48:32]} Rg7 {[%clk 0:58:41]}
26. Nce3 {[%clk 0:41:33]} f4 {[%clk 0:51:58]} 27. Nc2 {[%clk 0:36:16]} Qg6
{[%clk 0:47:43]} 28. Ne1 {[%clk 0:35:06]} Kh8 {[%clk 0:45:38]} 29. Kh1 {[%clk
0:30:58]} Qh5 {[%clk 0:43:09]} 30. Bg1 {[%clk 0:21:13]} Rg6 {[%clk 0:35:30]}
31. Nd3 {[%clk 0:15:41]} Bh4 {[%clk 0:25:10]} 32. Nxc5 {[%clk 0:13:56]} Nxc5
{[%clk 0:25:36]} 33. Bxc5 {[%clk 0:13:52]} dxc5 {[%clk 0:26:03]} 34. Rb6 {[%clk
0:06:38]} Rcg8 {[%clk 0:24:51]} 35. Rxg6 {[%clk 0:07:04]} Qxg6 {[%clk 0:25:13]}
36. Qb2 {[%clk 0:07:02]} Qg7 {[%clk 0:25:12]} 37. Nc3 {[%clk 0:04:50]} e4
{[%clk 0:23:02]} 38. fxe4 {[%clk 0:04:32]} f3 {[%clk 0:19:47]} 39. g3 {[%clk
0:04:39]} Bf6 {[%clk 0:20:13]} 40. Rd3 {[%clk 0:04:12]} f2 {[%clk 0:14:41]} 41.
Kg2 {[%clk 0:04:04]} Bd4 {[%clk 0:14:54]} 42. Rf3 {[%clk 0:28:13]} Rf8 {[%clk
0:42:29]} 43. Rf5 {[%clk 0:28:26]} Qe7 {[%clk 0:35:59]} 0-1

[Event "Deutsche Ländermeisterschaft 2021"]
[Site "Neumünster GER"]
[Date "2021.10.04"]
[Round "5"]
[White "Müller, Magnus"]
[Black "Großmann, Piet"]
[Result "1/2-1/2"]
[Termination "normal"]
[Board "7.2"]
[WhiteElo "2047"]
[BlackElo "1953"]
[WhiteClock "00:14:54"]
[BlackClock "00:01:39"]
[WhiteTeam "Thüringen"]
[BlackTeam "Mecklenburg-Vorpommern"]
[PlyCount "58"]
[WhiteFideId "16230060"]
[BlackFideId "16234359"]
[EventCountry "GER"]
[EventRounds "7"]
[EventType "team-swiss"]
[EventDate "2021.10.01"]

1. e4 {[%clk 1:30:54]} e6 {[%clk 1:30:50]} 2. c4 {[%clk 1:30:46]} d5 {[%clk
1:31:12]} 3. cxd5 {[%clk 1:31:10]} exd5 {[%clk 1:31:38]} 4. exd5 {[%clk
1:31:34]} Nf6 {[%clk 1:31:14]} 5. Nc3 {[%clk 1:32:00]} Be7 {[%clk 1:23:47]} 6.
Nf3 {[%clk 1:32:23]} O-O {[%clk 1:24:07]} 7. d4 {[%clk 1:32:41]} Nbd7 {[%clk
1:24:19]} 8. Bd3 {[%clk 1:30:59]} Nb6 {[%clk 1:24:42]} 9. O-O {[%clk 1:31:21]}
h6 {[%clk 1:24:01]} 10. Re1 {[%clk 1:31:20]} Nbxd5 {[%clk 1:23:44]} 11. Bd2
{[%clk 1:24:34]} c6 {[%clk 1:23:00]} 12. Rc1 {[%clk 1:23:32]} Bg4 {[%clk
0:55:19]} 13. h3 {[%clk 1:14:36]} Bh5 {[%clk 0:52:14]} 14. g4 {[%clk 1:03:43]}
Bg6 {[%clk 0:51:11]} 15. Bc4 {[%clk 0:58:14]} Nxc3 {[%clk 0:43:17]} 16. Bxc3
{[%clk 0:57:42]} Nd5 {[%clk 0:39:10]} 17. Ne5 {[%clk 0:57:00]} Bg5 {[%clk
0:36:45]} 18. Bd2 {[%clk 0:51:00]} Bh7 {[%clk 0:20:46]} 19. Bxg5 {[%clk
0:50:09]} Qxg5 {[%clk 0:20:56]} 20. Bxd5 {[%clk 0:49:16]} cxd5 {[%clk 0:21:21]}
21. Rc7 {[%clk 0:48:50]} Rac8 {[%clk 0:19:42]} 22. Rxc8 {[%clk 0:46:11]} Rxc8
{[%clk 0:20:08]} 23. Qf3 {[%clk 0:46:33]} Be4 {[%clk 0:13:34]} 24. Qxf7+ {[%clk
0:31:11]} Kh7 {[%clk 0:13:56]} 25. Nd7 {[%clk 0:22:24]} Rc1 {[%clk 0:02:34]}
26. Rf1 {[%clk 0:14:15]} Rxf1+ {[%clk 0:02:11]} 27. Kxf1 {[%clk 0:14:41]} Qc1+
{[%clk 0:02:33]} 28. Ke2 {[%clk 0:15:07]} Qc2+ {[%clk 0:02:40]} 29. Ke1 {[%clk
0:14:54]} Qc1+ {[%clk 0:01:39]} 1/2-1/2